Korene kaizen - "Training Within Industry"

Organizácia " Training Within Industry Service" (TWI) bola založená v roku 1940 počas druhej svetovej vojny v USA. Cieľom bolo zvýšenie objemu vojnovej výroby. Tzv. "J" program mal v priebehu vojnových rokov zásadný vplyv na výrobu v Spojených štátoch a zaznamenal úspech. TWI bol po porážke Japonska...

ver descrição completa

Na minha lista:
Detalhes bibliográficos
Autor principal: Džubáková, Martina
Formato: Capítulo de Livro
Idioma:eslovaco
Assuntos:
Tags: Adicionar Tag
Sem tags, seja o primeiro a adicionar uma tag!

MARC

LEADER 00000nla a2200000 4500
001 0213067
005 20240502073539.0
041 0 |a slo 
044 |a SK 
245 1 0 |a Korene kaizen - "Training Within Industry"  |c Martina Džubáková 
520 |a Organizácia " Training Within Industry Service" (TWI) bola založená v roku 1940 počas druhej svetovej vojny v USA. Cieľom bolo zvýšenie objemu vojnovej výroby. Tzv. "J" program mal v priebehu vojnových rokov zásadný vplyv na výrobu v Spojených štátoch a zaznamenal úspech. TWI bol po porážke Japonska začlenený do programu rekonštrukcie krajiny. Masívny TWI program sa počas nasledujúceho desaťročiach stal neoddeliteľnou súčasťou japonského priemyslu. Japonským nástupcom TWI je filozofia KAIZEN kontinuálneho zlepšovania. TWI vychádza z predpokladov – potrieb – pre realizáciu aktívneho riadenia. 
610 2 0 |a podnik 
610 2 0 |a riadenie podnikové 
610 2 0 |a pracovníci vedúci 
610 2 0 |a zamestnanci 
610 2 0 |a kaizen 
100 1 |a Džubáková, Martina